00426nam a2200169 a 45000010005000000030009000050080041000140200015000550400028000700820019000981000019001172450017001362600053001533000015002064900011002216500024002325403CO-ViMGA141112s2004 ck r 000 u spa d a958300183x aCO-ViMGAbspacCO-ViMGA04aCo863.44 R651a1 aRomán, Celso10aElias Hoisoi aSantafé de Bogotá : bPanAméricana, c1995 a144 p : il aCorcel14aCUENTOS COLOMBIANOS